• 首页
  • 本馆介绍
  • 公告通知
  • 最新文献
  • 馆藏检索
  • 电子资源
  • 读者导购
  • 参考咨询
  • 我的图书馆
  • 登录
  • 详细信息显示
  • 放入我的书架
  • 预约/预借图书
  • 作者相关作品
  • 分类相关作品
  • 丛书相关作品
  • 出版社相关作品

书目信息

  • 表格格式
  • 工作单格式
  • 卡片格式
题名:
科技人才修养
    
 
作者: 刁纯志 , 施福升 主编
分册:  
出版信息: 上海   上海交通大学出版社  1988.05
页数: 170页
开本: 19cm
丛书名:
单 册:
中图分类: G316
科图分类:
主题词: 科学研究--工作
电子资源:
ISBN: 7-313-00272-6
000 00611nam0 2200205 450
001 0735315971
005 20071128095135.10
010    @a7-313-00272-6@dCNY0.90
100    @a20071128d1988 km y0chiy0120 ea
101 0  @achi
102    @aCN@b310000
200 1  @a科技人才修养@Ake ji ren cai xiu yang@f刁纯志,施福升主编@Fdiao chun zhi,shi fu sheng zhu bian
210    @a上海@c上海交通大学出版社@d1988.05
215    @a170页@d19cm
606 0  @a科学研究@x工作
690    @aG316@v4
701  0 @a刁纯志@Adiao chun zhi@4主编
701  0 @a施福升@Ashi fu sheng@4主编
801  0 @aCN@bPFT@c20071128
905    @aBZT@dG316@e15
    
    科技人才修养/刁纯志,施福升主编.-上海:上海交通大学出版社,1988.05
    170页;19cm
    
    
    ISBN 7-313-00272-6:CNY0.90
    
●
相关链接 在五车中查询图书 在当当中查询图书 在豆瓣中查询图书


正题名:科技人才修养     索取号:G316/15         预约/预借

序号 登录号 条形码 馆藏地/架位号 状态 备注
1 057981   200846558   中心书库北库/ 北库032架A面1列4层11/ [索取号:G316/15] 在馆    
2 057982   200846549   中心书库北库/ 北库032架A面1列4层10/ [索取号:G316/15] 在馆    
3 057983   200846521   中心书库北库/ 北库032架A面1列4层9/ [索取号:G316/15] 在馆    
4 057984   200846512   中心书库北库/ 北库032架A面1列4层8/ [索取号:G316/15] 在馆    
5 057985   200846530   中心书库北库/ 北库032架A面1列4层7/ [索取号:G316/15] 在馆    
山东省滨州职业学院图书馆 欢迎您!
大连网信软件有限公司© 版权所有